00361nam a2200157Ia 4500008004100000020001300041040001900054041001200073082001900085245001200104260002600116300001700142440001600159650001400175850001400189131103s9999 xx 000 0 und d a99236400 aLoreto College aEnglish aREFbLCBED/189 aWeather aLondonbSparrowc1980 a pic.c 27cm aDiscoverers aReference aLCBED/REF